000 00550nam a22001937a 4500
003 OSt
008 260430b |||||||| |||| 00| 0 eng d
082 _a635.656
_bP74S
100 _aPrasad, Indra Deo.
245 _aStudies on Genotype x Environment Interaction in Pea (Pisum sativum L.) /
_cby Indra Deo Prasad
260 _a.- Sabour, Bhagalpur
_b: Bihar Agricultural College, RAU
_c, 1995
300 _a166p.
502 _bPh. D.
_d1995
650 _aHorticulture
650 _aPea
650 _aThesis
650 _aPh. D.
942 _2ddc
_cT
999 _c50349
_d50349